000 02895cam a2200349 a 4500
003 EG-GiCUC
005 20250223031814.0
008 170926s2016 ua d f m 000 0 eng d
040 _aEG-GiCUC
_beng
_cEG-GiCUC
041 0 _aeng
049 _aDeposite
097 _aM.Sc
099 _aCai01.11.28.M.Sc.2016.Em.G
100 0 _aEman Ahmed Mohamed Ali
245 1 0 _aGrowth pattern in children with inherited kidney diseases post-transplantation /
_cEman Ahmed Mohamed Ali ; Supervised Neveen Abdelmonem Soliman , Lobna Anas Fawaz , Doaa Mohamed Salah
246 1 5 _aالنمو في الاطفال الذين يعانون من امراض الكلي الوراثيه بعد الزرع
260 _aCairo :
_bEman Ahmed Mohamed Ali ,
_c2016
300 _a124 P. :
_bcharts ;
_c25cm
502 _aThesis (M.Sc.) - Cairo University - Faculty of Medicine - Department of Pediatrics
520 _aThirty patients, who received living donor kidney transplant and being followed up at the kidney Transplantation Outpatient Clinic, Cairo University Monira Children Hospital, were included. Initial assessment, as well as, 3 & 6 months follow up assessment of height (SD), body weight (SD), and body mass index (BMI) were done. Initial and 6 months follow up bone age estimation was also done. Data obtained by combined history and medical record review. Obtained data and assessment parameters were interpreted. Results: At initial assessment; 21 patients (70%) were stunted (height < -2 SD), 9 patients (30%) were under weight (weight<-2SD), 7 patients (23.3%) were obese (BMI > +2 SD), the prevalence of delayed growth did not change much at 6 months F/U assessment. The mean growth velocity SDS of the study group was 2.1at 3months and 2.8 at 6months following the initial assessment with the mean delta SDS of growth velocity (0.67).Significant correlations existed between height SDS and steroid doses at 6 months post-transplantation as well as frequency of BPAR (p=0.033, 0.011 respectively). Body weight SDS at 6months F/U assessment significantly correlated with age at diagnosis of CRI (p=0.029), and duration of dialysis (p=0.029) Conclusion: The mean growth velocity increase in renal transplanted children, with follow up assessment over 6 months, but still suboptimal. Post transplantation growth is affected with type of inherited renal disease, age of diagnosis, time of referral, early dialysis, steroid exposure, and acute rejection episodes
530 _aIssued also as CD
653 4 _aEnd-stage renal disease
653 4 _aInherited nephropathies
653 4 _aRenal transplantation
700 0 _aDoaa Mohamed Salah ,
_eSupervisor
700 0 _aLobna Anas Fawaz ,
_eSupervisor
700 0 _aNeveen AbdElmonem Soliman ,
_eSupervisor
856 _uhttp://172.23.153.220/th.pdf
905 _aEnas
_eCataloger
905 _aNazla
_eRevisor
942 _2ddc
_cTH
999 _c62579
_d62579